000 00392nam a22001577a 4500
003 OSt
005 20211118112055.0
008 211118b |||||||| |||| 00| 0 eng d
020 _a978-0-8493-1222-9
040 _cHawassa University
050 _a641.47/ANT
_b3
082 _a641.47/ANT
_b3
245 _aAntioxidants in Food
260 _aNew Delhi
_bCRC Press
_c2001
942 _2ddc
_cBOOKS
_n0
999 _c18998
_d18998